000 00459ntaaa2200181 4500
003 01
005 20251027202008.0
008 0714s1973 ag 01
040 _aAR-BaBN
_bspa
_cAR-BaBN
_eaacr
_dRIC
082 _a261.0000 Ol1
100 _aOldham, J. H.
_918529
245 _aLife is commitment
250 _a1 ed.
260 _aNY :
_bAssociation Press,
_cc1959
300 _a127 p.
500 _ala vida cristiana en el tiempo contemporáneo
942 _cBK
999 _c14692
_d14692